Soil productivity aspects of agroforestry

Bibliographic Details
Main Author: NAIR
Corporate Author: International Council for Research in Agroforestry
Format: Book
Published: Nairobi : International Council for Research in Agroforestry , 1984
Series:Science and practice of agroforestry ; 1
Subjects:

MARC

LEADER 00000cam a2200000 7i4500
001 0000002778
005 20040108.0
020 0 0 |a 9290590211 
090 0 0 |a 631.422   |b NAI 1984 
100 1 0 |a NAIR   |h P. K. R. 
245 1 0 |a Soil productivity aspects of agroforestry   |c P.K.R. Nair 
260 0 0 |a Nairobi :   |b International Council for Research in Agroforestry ,   |c 1984 
300 |a vii, 85 p. :   |b ill. ;   |c 25 cm. 
440 0 0 |a Science and practice of agroforestry ; 1 
500 0 0 |a Bibliography : p. 75-85 
650 0 0 |a Agroforestry 
650 0 0 |a Soil productivity 
710 1 1 |a International Council for Research in Agroforestry 
998 |a JPSM 
999 |a 0000003773   |b Monograph   |c Open Shelf   |e Default branch